| 000 | 00547 a2200157 4500 | ||
|---|---|---|---|
| 999 |
_c2107 _d2107 |
||
| 020 | _a0435453173 | ||
| 050 | _aHF5351 NEE 2001 | ||
| 100 |
_aNeedham, Dave _eauthor |
||
| 245 |
_aAdvanced Business / _cDave Needham & Rob Dransfield |
||
| 264 |
_aOxford _bHeinemann Educational Publishers _c2001 |
||
| 300 |
_a217p. : _bill. |
||
| 500 | _aPublished by Heinemann Education registered trademark of Reed Education & Professional Publishing | ||
| 650 |
_aBusiness studies _xMarketing |
||
| 700 |
_aDransfield, Rob _eauthor |
||
| 942 |
_2lcc _cBK _h5351 _iNEE _kHF |
||